| 000 -CABECERA |
| Longitud fija campo de control |
00955nam a2200241 i 4500 |
| 001 - NÚMERO DE CONTROL |
| Número de control |
991058478168306706 |
| 003 - IDENTIFICADOR DEL NÚMERO DE CONTROL |
| Identificador del número de control |
OSt |
| 005 - FECHA Y HORA DE LA ÚLTIMA TRANSACCIÓN |
| Fecha y hora de la última transacción |
20240206095406.0 |
| 006 - CÓDIGOS DE INFORMACIÓN DE LONGITUD FIJA - CARACTERÍSTICAS DEL MATERIAL ADICIONAL |
| Códigos de información de longitud fija - Caracter&íacute;sticas del material adicional |
m o d | |
| 007 - CAMPO FIJO DE DESCRIPCIÓN FÍSICA |
| Campo fijo de descripción f&íacute;sica |
cr ||||||||||| |
| 008 - CÓDIGOS DE INFORMACIÓN DE LONGITUD FIJA |
| Códigos de información de longitud fija |
201029s2019 sp a ob 000 0 spa d |
| 040 ## - FUENTE DE LA CATALOGACIÓN |
| Centro catalogador de origen |
CDMR |
| Centro transcriptor |
CDMR |
| Lengua de catalogación |
cat |
| 110 ## - PUNTO DE ACCESO PRINCIPAL-NOMBRE DE ENTIDAD CORPORATIVA |
| 9 (RLIN) |
4908 |
| Nombre de entidad corporativa o nombre de jurisdicción como elemento inicial |
Asociación para la Investigación de Medios de Comunicación |
| 245 10 - MENCIÓN DE TÍTULO |
| Título |
Marco general de los medios en España [recurs electrònic] |
| Mención de responsabilidad, etc. |
/ Asociación para la Investigación de Medios de Comunicación (AIMC) |
| 260 ## - PUBLICACIÓN, DISTRIBUCIÓN, ETC. (PIE DE IMPRENTA) |
| Lugar de publicación, distribución, etc. |
Madrid : |
| Nombre del editor, distribuidor, etc. |
AIMC, |
| Fecha de publicación, distribución, etc. |
2000 - |
| 300 ## - DESCRIPCIÓN FÍSICA |
| Extensión |
1 recurs electrònic |
| 310 ## - PERIODICIDAD ACTUAL |
| Periodicidad actual |
Anual |
| Fecha de comienzo de la periodicidad actual |
2000 - |
| 650 #0 - PUNTO DE ACCESO ADICIONAL DE MATERIA - TÉRMINO DE MATERIA |
| Término de materia o nombre geográfico como elemento inicial |
Mitjans de comunicació de massa |
| 9 (RLIN) |
3360 |
| Subdivisión de materia general |
Públic |
| Subdivisión geográfica |
Espanya |
| Subdivisión de forma |
Revistes |
| 650 #0 - PUNTO DE ACCESO ADICIONAL DE MATERIA - TÉRMINO DE MATERIA |
| Término de materia o nombre geográfico como elemento inicial |
Teleespectadors |
| 9 (RLIN) |
3121 |
| Subdivisión geográfica |
Espanya |
| Subdivisión de forma |
Revistes |
| 650 #0 - PUNTO DE ACCESO ADICIONAL DE MATERIA - TÉRMINO DE MATERIA |
| Término de materia o nombre geográfico como elemento inicial |
Ràdio |
| 9 (RLIN) |
4179 |
| Subdivisión de materia general |
Oients |
| Subdivisión geográfica |
Espanya |
| Subdivisión de forma |
Revistes |
| 856 ## - LOCALIZACIÓN Y ACCESO ELECTRÓNICO |
| Nota pública |
Accés en línia |
| Identificador Uniforme del Recurso (URI) |
<a href="https://www.aimc.es/otros-estudios-trabajos/marco-general/descarga-marco-general/">https://www.aimc.es/otros-estudios-trabajos/marco-general/descarga-marco-general/</a> |
| 942 ## - ENTRADA DE ELEMENTOS AGREGADOS (KOHA) |
| Fuente de clasificaión o esquema |
|
| Koha [por defecto] tipo de item |
Publicacions periòdiques en línia |